[Event "GER-chT U20 Girls"]
[Site "Braunschweig"]
[Date "2019.12.29"]
[Round "5.6"]
[White "Hallfarth, Luise"]
[Black "Sauer, Annika"]
[Result "0-1"]
[WhiteElo "1517"]
[BlackElo "1569"]
[PlyCount "86"]
[EventDate "2019.12.27"]
[EventType "team-swiss"]
[EventRounds "7"]
[EventCountry "GER"]
[SourceTitle "CBM 194 Extra"]
[Source "ChessBase"]
[SourceDate "2020.03.31"]
[SourceVersion "1"]
[SourceVersionDate "2020.03.31"]
[SourceQuality "1"]
[WhiteTeam "Nordhorn Blanke"]
[BlackTeam "Leegebruch"]
[WhiteTeamCountry "GER"]
[BlackTeamCountry "GER"]

1. e4 d5 2. exd5 Qxd5 3. Nc3 Qa5 4. d4 c6 5. Nf3 Nf6 6. Bf4 Bg4 7. Be2 e6 8. a3 Nd5 9. Bd2 Nxc3 10. Bxc3 Qc7 11. 0-0 Bd6 12. h3 Bf5 13. Bd3 Bxd3 14. Qxd3 Nd7 15. Rfe1 0-0-0 16. b4 Rde8 17. b5 cxb5 18. Bd2 Qc4 19. Qb3 f6 20. a4 Qxb3 21. cxb3 b4 22. a5 e5 23. a6 exd4 24. Rec1+ Kb8 25. Nxd4 Be5 26. Be3 Nb6 27. axb7 Kxb7 28. Ra2 Rc8 29. Rca1 Ra8 30. f4 Bxd4 31. Bxd4 Rhd8 32. Bc5 Rd3 33. Rb2 Nd5 34. Ra4 a5 35. Rba2 Nc3 36. Kf2 Nxa2 37. Rxa2 Rxb3 38. Rd2 Rc8 39. Be3 Rcc3 40. Bd4 Rd3 41. Rxd3 Rxd3 42. Be3 b3 43. Ke2 b2 0-1

[Event "GER-chT U20 Girls"]
[Site "Borken"]
[Date "2016.12.30"]
[Round "7.2"]
[White "Sauer, Annika"]
[Black "Reich, Kristina"]
[Result "1-0"]
[WhiteElo "1488"]
[BlackElo "1481"]
[PlyCount "51"]
[EventDate "2016.12.27"]
[EventType "team-swiss"]
[EventRounds "7"]
[EventCountry "GER"]
[SourceTitle "EXT 2018"]
[Source "ChessBase"]
[SourceDate "2017.10.13"]
[SourceVersion "1"]
[SourceVersionDate "2017.10.13"]
[SourceQuality "1"]
[WhiteTeam "Leegebruch"]
[BlackTeam "Hamburger SK"]
[WhiteTeamCountry "GER"]
[BlackTeamCountry "GER"]

1. d4 Nf6 2. Nf3 e6 3. e3 b6 4. Bd3 Bb7 5. 0-0 Be7 6. c4 0-0 7. Nbd2 d6 8. b3 Nbd7 9. Bb2 c5 10. Re1 cxd4 11. exd4 Rc8 12. Qe2 Re8 13. Ne4 Nxe4 14. Bxe4 d5 15. Bd3 dxc4 16. Bxc4 Bb4 17. Red1 Bd5 18. Rac1 Bxf3 19. Qxf3 Qf6 20. Qb7 Qd8 21. Bb5 Rxc1 22. Rxc1 Nc5 23. dxc5 Re7 24. Qf3 Bxc5 25. Rd1 Qc7 26. Qa8+ 1-0

[Event "GER-chT U20 Girls"]
[Site "Borken"]
[Date "2016.12.28"]
[Round "4.2"]
[White "Flach, Helene"]
[Black "Sauer, Annika"]
[Result "1-0"]
[WhiteElo "1749"]
[BlackElo "1488"]
[PlyCount "77"]
[EventDate "2016.12.27"]
[EventType "team-swiss"]
[EventRounds "7"]
[EventCountry "GER"]
[SourceTitle "EXT 2018"]
[Source "ChessBase"]
[SourceDate "2017.10.13"]
[SourceVersion "1"]
[SourceVersionDate "2017.10.13"]
[SourceQuality "1"]
[WhiteTeam "Langen"]
[BlackTeam "Leegebruch"]
[WhiteTeamCountry "GER"]
[BlackTeamCountry "GER"]

1. c4 c5 2. Nc3 Nc6 3. g3 Nf6 4. Bg2 e6 5. Nf3 Be7 6. 0-0 0-0 7. d4 cxd4 8. Nxd4 a6 9. b3 Qc7 10. e4 Rd8 11. Be3 d6 12. Rc1 Rb8 13. Nd5 Qd7 14. Nxe7+ Nxe7 15. Qe2 Ng6 16. Rfd1 Qe8 17. Bd2 Rd7 18. f4 h6 19. Bb4 Qd8 20. Bc3 Ne7 21. Kh1 Nc6 22. Nxc6 bxc6 23. e5 dxe5 24. fxe5 Ne8 25. Bxc6 Bb7 26. Bxb7 Rbxb7 27. Qf3 Rb8 28. Rxd7 Qxd7 29. Rd1 Qe7 30. Qd3 g6 31. Qd2 Kh7 32. b4 Qb7+ 33. Qg2 Qc7 34. Qe4 Kg7 35. Rd4 Kf8 36. Qe3 Kg7 37. Bd2 g5 38. h4 Qe7 39. Rg4 1-0

[Event "GER-chT U20 Girls"]
[Site "Borken"]
[Date "2016.12.28"]
[Round "3.2"]
[White "Sauer, Annika"]
[Black "Peglau, Sarah"]
[Result "1/2-1/2"]
[WhiteElo "1488"]
[BlackElo "1411"]
[PlyCount "73"]
[EventDate "2016.12.27"]
[EventType "team-swiss"]
[EventRounds "7"]
[EventCountry "GER"]
[SourceTitle "EXT 2018"]
[Source "ChessBase"]
[SourceDate "2017.10.13"]
[SourceVersion "1"]
[SourceVersionDate "2017.10.13"]
[SourceQuality "1"]
[WhiteTeam "Leegebruch"]
[BlackTeam "Bannewitz"]
[WhiteTeamCountry "GER"]
[BlackTeamCountry "GER"]

1. d4 Nf6 2. Nf3 g6 3. c4 c5 4. Nc3 cxd4 5. Nxd4 Bg7 6. g3 0-0 7. Bg2 Nc6 8. Nxc6 bxc6 9. 0-0 Rb8 10. Qc2 d5 11. cxd5 cxd5 12. Rd1 Bf5 13. e4 Bg4 14. f3 Qb6+ 15. Qf2 Bd7 16. Qxb6 Rxb6 17. Nxd5 Nxd5 18. Rxd5 Be6 19. Ra5 Rd8 20. h3 Rd1+ 21. Kh2 Rc6 22. Rxa7 Rcxc1 23. Rxc1 Rxc1 24. Ra8+ Rc8 25. Rxc8+ Bxc8 26. b3 Kf8 27. Bf1 Ke8 28. Bc4 e6 29. a4 Bc3 30. Kg2 Kd7 31. f4 Bb7 32. Kf3 f5 33. Bd3 Be1 34. g4 Kd6 35. Ke3 fxe4 36. Bxe4 Bxe4 37. Kxe4 1/2-1/2

[Event "GER-ch U16 Girls"]
[Site "Willingen"]
[Date "2016.05.18"]
[Round "6"]
[White "Glaeser, Anne"]
[Black "Sauer, Annika"]
[Result "1/2-1/2"]
[WhiteElo "1304"]
[BlackElo "1544"]
[PlyCount "42"]
[EventDate "2016.05.15"]
[EventType "swiss"]
[EventRounds "9"]
[EventCountry "GER"]
[SourceTitle "CBM 172 Extra"]
[Source "ChessBase"]
[SourceDate "2016.06.21"]
[SourceVersion "1"]
[SourceVersionDate "2016.06.21"]
[SourceQuality "1"]

1. e4 c5 2. Nc3 Nc6 3. g3 g6 4. Bg2 Bg7 5. d3 e6 6. f4 d6 7. Nf3 Nf6 8. 0-0 0-0 9. h3 a6 10. Be3 Ne8 11. d4 cxd4 12. Nxd4 Bd7 13. Qd2 Nxd4 14. Bxd4 e5 15. fxe5 Bxe5 16. Bxe5 dxe5 17. Nd5 Bc6 18. c4 Bxd5 19. exd5 Rc8 20. b3 f6 21. Rac1 Qd6 1/2-1/2

[Event "GER-ch U16 Girls"]
[Site "Willingen"]
[Date "2016.05.17"]
[Round "4"]
[White "Lange, Cecilia"]
[Black "Sauer, Annika"]
[Result "1/2-1/2"]
[WhiteElo "1718"]
[BlackElo "1544"]
[PlyCount "67"]
[EventDate "2016.05.15"]
[EventType "swiss"]
[EventRounds "9"]
[EventCountry "GER"]
[SourceTitle "CBM 172 Extra"]
[Source "ChessBase"]
[SourceDate "2016.06.21"]
[SourceVersion "1"]
[SourceVersionDate "2016.06.21"]
[SourceQuality "1"]

1. e4 g6 2. d4 d6 3. Nf3 Bg7 4. c4 Nf6 5. Nc3 0-0 6. Be2 Nbd7 7. 0-0 e5 8. dxe5 Nxe5 9. Bf4 Nh5 10. Bxe5 dxe5 11. Qxd8 Rxd8 12. Nd5 c6 13. Ne7+ Kf8 14. Nxc8 Raxc8 15. g3 Bf6 16. Rfd1 Ng7 17. Ne1 Rxd1 18. Rxd1 Rd8 19. Nd3 Ne6 20. Kf1 b6 21. Nb4 Rxd1+ 22. Bxd1 Nd4 23. Ba4 b5 24. cxb5 cxb5 25. Bd1 a5 26. Nd5 Bd8 27. a3 Ke8 28. Be2 Nxe2 29. Kxe2 Kd7 30. Kd3 Kd6 31. f3 g5 32. Kc3 f5 33. Kd3 f4 34. g4 1/2-1/2

[Event "GER-chT U20 Girls"]
[Site "Osnabrueck"]
[Date "2015.12.28"]
[Round "4.3"]
[White "Sauer, Annika"]
[Black "Oltmanns, Bianca"]
[Result "0-1"]
[WhiteElo "1627"]
[BlackElo "1569"]
[PlyCount "94"]
[EventDate "2015.12.27"]
[EventType "team-swiss"]
[EventRounds "7"]
[EventCountry "GER"]
[SourceTitle "EXT 2017"]
[Source "ChessBase"]
[SourceDate "2016.10.25"]
[SourceVersion "1"]
[SourceVersionDate "2016.10.25"]
[SourceQuality "1"]
[WhiteTeam "Leegebruch"]
[BlackTeam "Chemnitz USG"]
[WhiteTeamCountry "GER"]
[BlackTeamCountry "GER"]

1. d4 f5 2. Nf3 Nf6 3. e3 g6 4. c4 Bg7 5. b4 d6 6. Bb2 0-0 7. Be2 Qe8 8. Nc3 b6 9. Qc2 Bb7 10. 0-0 a6 11. Rfd1 Nbd7 12. Ng5 e5 13. d5 Rc8 14. Ne6 Rf7 15. Nxg7 Kxg7 16. Qb3 Kh8 17. Bf1 Nh5 18. Ne2 g5 19. Ng3 Nxg3 20. hxg3 f4 21. exf4 gxf4 22. gxf4 Rxf4 23. g3 Qg6 24. Bg2 Rf7 25. Rac1 Rcf8 26. Rd2 Bc8 27. Qc2 Qh5 28. Qe4 Qg5 29. Re2 Nf6 30. Qh4 Qxh4 31. gxh4 Rg7 32. Kf1 Nh5 33. Rec2 Rf4 34. Rc3 Rxh4 35. Bf3 Nf4 36. Ke1 Rh2 37. R1c2 Bf5 38. Re2 Nxe2 39. Kxe2 Bg4 40. Bc1 Bxf3+ 41. Rxf3 Kg8 42. Ra3 Rg4 43. c5 Rxb4 44. cxd6 cxd6 45. Rxa6 Rh3 46. Ra8+ Kf7 47. Ba3 Rb5 0-1

[Event "GER-chT U20 Girls"]
[Site "Osnabrueck"]
[Date "2015.12.27"]
[Round "1.3"]
[White "Gressmann, Hanna"]
[Black "Sauer, Annika"]
[Result "1/2-1/2"]
[WhiteElo "1725"]
[BlackElo "1627"]
[PlyCount "75"]
[EventDate "2015.12.27"]
[EventType "team-swiss"]
[EventRounds "7"]
[EventCountry "GER"]
[SourceTitle "EXT 2017"]
[Source "ChessBase"]
[SourceDate "2016.10.25"]
[SourceVersion "1"]
[SourceVersionDate "2016.10.25"]
[SourceQuality "1"]
[WhiteTeam "Weissensee Chemie U20 Girls"]
[BlackTeam "Leegebruch"]
[WhiteTeamCountry "GER"]
[BlackTeamCountry "GER"]

1. d4 d5 2. Nf3 Nf6 3. e3 Bf5 4. c4 e6 5. Nc3 c6 6. Bd2 Bd6 7. Qb3 Qc8 8. Rc1 Bc7 9. Na4 Nbd7 10. cxd5 exd5 11. Bd3 Bxd3 12. Qxd3 0-0 13. b4 Ne4 14. b5 Bd6 15. bxc6 bxc6 16. 0-0 Qc7 17. Nc3 Nxc3 18. Rxc3 Bb4 19. Rc2 Bxd2 20. Nxd2 Rac8 21. Rfc1 Nb8 22. Qa3 Rfe8 23. Nb1 Qe7 24. Qb3 Qd6 25. Nc3 Red8 26. Na4 Nd7 27. Nc3 Nb6 28. Na4 Nc4 29. Nb2 Nb6 30. a4 Rc7 31. a5 Nd7 32. Nd3 Rdc8 33. Qa4 h6 34. Qb4 Qe6 35. Nf4 Qe4 36. h3 c5 37. Qd2 c4 38. Qb4 1/2-1/2

[Event "GER-chT U20 Girls"]
[Site "Osnabrueck"]
[Date "2015.12.27"]
[Round "2.3"]
[White "Sauer, Annika"]
[Black "Kobald, Jacqueline"]
[Result "1-0"]
[WhiteElo "1627"]
[BlackElo "1434"]
[PlyCount "85"]
[EventDate "2015.12.27"]
[EventType "team-swiss"]
[EventRounds "7"]
[EventCountry "GER"]
[SourceTitle "EXT 2017"]
[Source "ChessBase"]
[SourceDate "2016.10.25"]
[SourceVersion "1"]
[SourceVersionDate "2016.10.25"]
[SourceQuality "1"]
[WhiteTeam "Leegebruch"]
[BlackTeam "Stuttgart Wolfbusch"]
[WhiteTeamCountry "GER"]
[BlackTeamCountry "GER"]

1. d4 Nf6 2. Nf3 g6 3. c4 Bg7 4. Nc3 0-0 5. e4 d6 6. Be2 e5 7. d5 Nbd7 8. b4 Kh8 9. 0-0 a5 10. Ba3 axb4 11. Bxb4 Nc5 12. Qc2 Nh5 13. Rfe1 Nf4 14. Bf1 f5 15. Bxc5 dxc5 16. g3 fxe4 17. Nxe4 Nh5 18. Bg2 Bg4 19. Re3 Bxf3 20. Bxf3 Bh6 21. Rb3 b6 22. Bxh5 gxh5 23. Qe2 Qe8 24. Rf3 Rxf3 25. Qxf3 Qg6 26. Qf6+ Bg7 27. Qxg6 hxg6 28. a4 Kg8 29. Kf1 Bh6 30. Ke2 Kf7 31. h3 Ke7 32. Kd3 Kf7 33. Nc3 Bg7 34. Ke4 Kf6 35. Nb5 Rc8 36. a5 bxa5 37. Rxa5 Bh6 38. Ra6+ Kf7 39. Rc6 Bg7 40. Rxc5 Bf6 41. Rxc7+ Rxc7 42. Nxc7 Ke7 43. Ne6 1-0

[Event "GER-ch U25 op-A"]
[Site "Willingen"]
[Date "2015.05.29"]
[Round "8"]
[White "Sauer, Annika"]
[Black "Kappelmann, Florian"]
[Result "1/2-1/2"]
[WhiteElo "1618"]
[BlackElo "1701"]
[PlyCount "47"]
[EventDate "2015.05.24"]
[EventType "swiss"]
[EventRounds "9"]
[EventCountry "GER"]
[SourceTitle "CBM 166 Extra"]
[Source "ChessBase"]
[SourceDate "2015.06.18"]
[SourceVersion "1"]
[SourceVersionDate "2015.06.18"]
[SourceQuality "1"]

1. d4 b6 2. Nf3 Bb7 3. e3 e6 4. Bd3 Nf6 5. Nbd2 c5 6. b3 Nc6 7. Bb2 d5 8. 0-0 Bd6 9. a3 0-0 10. Rc1 Qe7 11. dxc5 bxc5 12. c4 Rfd8 13. Qc2 d4 14. exd4 cxd4 15. c5 Bc7 16. b4 a6 17. Rfe1 h6 18. Nb3 Qd7 19. Rcd1 e5 20. Nbd2 Re8 21. Ne4 Nd5 22. Bc4 Nf4 23. Bc1 Ne6 24. Ng3 1/2-1/2

[Event "GER-ch U25 op-A"]
[Site "Willingen"]
[Date "2015.05.25"]
[Round "3"]
[White "Torzinski, Nils"]
[Black "Sauer, Annika"]
[Result "1-0"]
[WhiteElo "1837"]
[BlackElo "1618"]
[PlyCount "53"]
[EventDate "2015.05.24"]
[EventType "swiss"]
[EventRounds "9"]
[EventCountry "GER"]
[SourceTitle "CBM 166 Extra"]
[Source "ChessBase"]
[SourceDate "2015.06.18"]
[SourceVersion "1"]
[SourceVersionDate "2015.06.18"]
[SourceQuality "1"]

1. e4 d5 2. exd5 Qxd5 3. Nc3 Qa5 4. d4 Nf6 5. Bc4 Bf5 6. Nge2 e6 7. 0-0 c6 8. Ng3 Bg6 9. f4 Nbd7 10. f5 Bxf5 11. Nxf5 exf5 12. Qe2+ Be7 13. Bf4 Qd8 14. Rae1 Nb6 15. Bb3 Nc8 16. d5 0-0 17. dxc6 Qb6+ 18. Be3 Qxc6 19. Rxf5 Bb4 20. Bg5 Bxc3 21. bxc3 Re8 22. Qxe8+ Nxe8 23. Bxf7+ Kh8 24. Rxe8+ Qxe8 25. Bxe8 h6 26. Rf8+ Kh7 27. Be3 1-0

[Event "GER-ch U25 op-A"]
[Site "Willingen"]
[Date "2015.05.24"]
[Round "1"]
[White "Balazs, Balint"]
[Black "Sauer, Annika"]
[Result "1-0"]
[WhiteElo "1890"]
[BlackElo "1618"]
[PlyCount "81"]
[EventDate "2015.05.24"]
[EventType "swiss"]
[EventRounds "9"]
[EventCountry "GER"]
[SourceTitle "CBM 166 Extra"]
[Source "ChessBase"]
[SourceDate "2015.06.18"]
[SourceVersion "1"]
[SourceVersionDate "2015.06.18"]
[SourceQuality "1"]

1. e4 d5 2. exd5 Qxd5 3. Nc3 Qa5 4. d4 c6 5. Nf3 Bg4 6. Bd2 Qc7 7. Bc4 e6 8. Qe2 Nf6 9. 0-0-0 Nbd7 10. d5 cxd5 11. Bxd5 Rc8 12. Bg5 Be7 13. Bb3 a6 14. h3 Bxf3 15. Qxf3 0-0 16. g4 Nc5 17. Kb1 Nxb3 18. cxb3 b5 19. Rc1 Qb8 20. Rhd1 Rfd8 21. Bf4 Bd6 22. Bxd6 Rxd6 23. g5 Ne8 24. Ne4 Rxd1 25. Qxd1 Rxc1+ 26. Qxc1 Qc7 27. Qd2 Qc6 28. f3 Qd5 29. Qc2 Qb7 30. a3 h6 31. gxh6 gxh6 32. Qd2 Kh7 33. Qd8 Qc6 34. Qxe8 Qxe8 35. Nf6+ Kg6 36. Nxe8 Kf5 37. Nd6+ Kf4 38. Nxf7 h5 39. Kc2 e5 40. Kd3 h4 41. Ke2 1-0

[Event "GER-ch U14 Girls"]
[Site "Magdeburg"]
[Date "2014.06.11"]
[Round "6"]
[White "Poetsch, Leonore"]
[Black "Sauer, Annika"]
[Result "1/2-1/2"]
[WhiteElo "1630"]
[BlackElo "1602"]
[PlyCount "64"]
[EventDate "2014.06.08"]
[EventType "swiss"]
[EventRounds "9"]
[EventCountry "GER"]
[SourceTitle "CBM 160 Extra"]
[Source "ChessBase"]
[SourceDate "2014.07.01"]
[SourceVersion "1"]
[SourceVersionDate "2014.07.01"]
[SourceQuality "1"]

1. e4 d5 2. exd5 Qxd5 3. Nc3 Qd6 4. d4 Nf6 5. Nb5 Qb6 6. Bf4 Nd5 7. Bc1 c6 8. Na3 Bf5 9. Nc4 Qc7 10. c3 Nd7 11. Nf3 e6 12. Bd2 b5 13. Ne3 Nxe3 14. fxe3 Bd6 15. Qe2 0-0 16. e4 Bg4 17. e5 Be7 18. h3 Bh4+ 19. Kd1 Bxf3 20. Qxf3 Nb6 21. Bd3 Bd8 22. Qe4 g6 23. Bh6 Re8 24. h4 f6 25. exf6 Bxf6 26. h5 g5 27. Rf1 Nd5 28. g3 Re7 29. Rf3 e5 30. Qf5 exd4 31. Bxg5 Bxg5 32. Qxg5+ Rg7 1/2-1/2

[Event "GER-chT U20 Girls"]
[Site "Osnabrueck"]
[Date "2013.12.28"]
[Round "4.3"]
[White "Sauer, Annika"]
[Black "Neisius, Laura Maria"]
[Result "1/2-1/2"]
[WhiteElo "1350"]
[BlackElo "1315"]
[PlyCount "61"]
[EventDate "2013.12.27"]
[EventType "team-swiss"]
[EventRounds "7"]
[EventCountry "GER"]
[SourceTitle "EXT 2015"]
[Source "ChessBase"]
[SourceDate "2014.11.20"]
[SourceVersion "1"]
[SourceVersionDate "2014.11.20"]
[SourceQuality "1"]
[WhiteTeam "Leegebruch"]
[BlackTeam "Hattersheim"]
[WhiteTeamCountry "GER"]
[BlackTeamCountry "GER"]

1. d4 d5 2. Nf3 Bf5 3. Bf4 e6 4. e3 c6 5. Bg3 Nf6 6. Nbd2 Nbd7 7. c4 Be7 8. Be2 0-0 9. Ne5 Ne4 10. Nxe4 Bxe4 11. 0-0 Bf6 12. Nxd7 Qxd7 13. c5 Be7 14. Bd3 f5 15. f3 Bxd3 16. Qxd3 b6 17. b4 b5 18. e4 f4 19. Bf2 Qd8 20. g3 Bg5 21. e5 a6 22. a3 Ra7 23. g4 Bh4 24. Qe2 Qg5 25. Bxh4 Qxh4 26. Qf2 Qg5 27. Kg2 h5 28. h3 g6 29. Rh1 Rg7 30. h4 Qd8 31. g5 1/2-1/2

[Event "GER-chT Lands U20"]
[Site "Hannover"]
[Date "2013.10.03"]
[Round "3.7"]
[White "Sauer, Annika"]
[Black "Wagner, Swenja"]
[Result "1-0"]
[WhiteElo "1526"]
[BlackElo "1376"]
[PlyCount "53"]
[EventDate "2013.10.02"]
[EventType "team-swiss"]
[EventRounds "7"]
[EventCountry "GER"]
[SourceTitle "EXT 2014"]
[Source "ChessBase"]
[SourceDate "2013.11.20"]
[SourceVersion "1"]
[SourceVersionDate "2013.11.20"]
[SourceQuality "1"]
[WhiteTeam "Team Nord"]
[BlackTeam "Mecklenburg Vorpommern"]
[WhiteTeamCountry "GER"]
[BlackTeamCountry "GER"]

1. d4 d5 2. Nf3 Nf6 3. e3 e6 4. c4 c5 5. Nc3 Nc6 6. cxd5 exd5 7. Bb5 Bd6 8. 0-0 0-0 9. b3 Qc7 10. dxc5 Be5 11. Nxe5 Qxe5 12. Bxc6 bxc6 13. Qd4 Qc7 14. Bb2 Ba6 15. Rfe1 Rfe8 16. e4 Ng4 17. g3 Ne5 18. Re3 dxe4 19. Nxe4 f6 20. Nd6 Red8 21. Rae1 Kf8 22. Qh4 h6 23. Bxe5 fxe5 24. Rxe5 Bd3 25. Qh5 Kg8 26. Re7 Rd7 27. Qf7+ 1-0

[Event "GER-chT Lands U20"]
[Site "Hannover"]
[Date "2013.10.03"]
[Round "2.7"]
[White "Schlichter, Lisa"]
[Black "Sauer, Annika"]
[Result "1-0"]
[WhiteElo "1707"]
[BlackElo "1526"]
[PlyCount "39"]
[EventDate "2013.10.02"]
[EventType "team-swiss"]
[EventRounds "7"]
[EventCountry "GER"]
[SourceTitle "EXT 2014"]
[Source "ChessBase"]
[SourceDate "2013.11.20"]
[SourceVersion "1"]
[SourceVersionDate "2013.11.20"]
[SourceQuality "1"]
[WhiteTeam "Niedersachsen II"]
[BlackTeam "Team Nord"]
[WhiteTeamCountry "GER"]
[BlackTeamCountry "GER"]

1. e4 d5 2. exd5 Qxd5 3. Nc3 Qa5 4. d4 c6 5. Bc4 Bf5 6. Bd2 Qc7 7. Bxf7+ Kd8 8. g4 Bd7 9. Qe2 Qb6 10. 0-0-0 Qxd4 11. Be3 Qf6 12. Qc4 Nh6 13. Be6 Qe5 14. Nf3 Qa5 15. Qd4 Qc7 16. Bf4 Qc8 17. Bxb8 Rxb8 18. Bxd7 Qc7 19. Bxc6+ Kc8 20. Nb5 1-0

[Event "GER-chT Lands U20"]
[Site "Hannover"]
[Date "2013.10.02"]
[Round "1.7"]
[White "Sauer, Annika"]
[Black "Rosmait, Emily"]
[Result "0-1"]
[WhiteElo "1526"]
[BlackElo "1743"]
[PlyCount "88"]
[EventDate "2013.10.02"]
[EventType "team-swiss"]
[EventRounds "7"]
[EventCountry "GER"]
[SourceTitle "EXT 2014"]
[Source "ChessBase"]
[SourceDate "2013.11.20"]
[SourceVersion "1"]
[SourceVersionDate "2013.11.20"]
[SourceQuality "1"]
[WhiteTeam "Team Nord"]
[BlackTeam "Schleswig Holstein"]
[WhiteTeamCountry "GER"]
[BlackTeamCountry "GER"]

1. d4 Nf6 2. c4 e6 3. Nf3 b6 4. Nc3 Bb4 5. Bd2 Bb7 6. e3 0-0 7. Qc2 Bxc3 8. Bxc3 Ne4 9. Bd3 f5 10. 0-0-0 a5 11. a3 d6 12. Rhf1 Nd7 13. Nd2 Ndf6 14. Bxe4 Nxe4 15. f3 Nxc3 16. Qxc3 Rc8 17. Kb1 c5 18. Qb3 d5 19. Rfe1 Re8 20. Qd3 Ba6 21. Rc1 cxd4 22. Qxd4 dxc4 23. Qxd8 Rexd8 24. Red1 Rd3 25. e4 Rcd8 26. Kc2 Bb5 27. b3 cxb3+ 28. Nxb3 fxe4 29. fxe4 a4 30. Na1 Rxd1 31. Rxd1 Rxd1 32. Kxd1 Bc6 33. e5 Bxg2 34. Nc2 Kf7 35. Ne3 Bd5 36. Kc2 Kg6 37. Kc3 Kg5 38. h4+ Kg6 39. Kb4 Bc6 40. Nc4 b5 41. Nd6 Kh5 42. Nxb5 Kxh4 43. Nd4 Bd5 44. Kxa4 g5 0-1

[Event "GER-chT U20 Girls"]
[Site "Osnabrueck"]
[Date "2012.12.29"]
[Round "6.3"]
[White "Sauer, Annika"]
[Black "Goldhausen, Nina"]
[Result "1/2-1/2"]
[WhiteElo "1341"]
[BlackElo "1093"]
[PlyCount "112"]
[EventDate "2012.12.27"]
[EventType "team-swiss"]
[EventRounds "7"]
[EventCountry "GER"]
[SourceTitle "EXT 2014"]
[Source "ChessBase"]
[SourceDate "2013.11.20"]
[SourceVersion "1"]
[SourceVersionDate "2013.11.20"]
[SourceQuality "1"]
[WhiteTeam "Leegebruch"]
[BlackTeam "Hattersheim"]
[WhiteTeamCountry "GER"]
[BlackTeamCountry "GER"]

1. d4 d5 2. Nf3 Nf6 3. Bg5 Nbd7 4. e3 e6 5. c4 c6 6. Nc3 Qa5 7. a3 Ne4 8. Qc2 Nxc3 9. b4 Qc7 10. Qxc3 dxc4 11. Bxc4 b6 12. 0-0 c5 13. Bb5 Bd6 14. Rac1 0-0 15. Bxd7 Bxd7 16. bxc5 Rac8 17. Qb4 bxc5 18. dxc5 Bxc5 19. Rxc5 Qxc5 20. Qxc5 Rxc5 21. Be7 Rfc8 22. Bxc5 Rxc5 23. Rd1 h6 24. g3 Bc6 25. Nd4 Bb7 26. h4 Rd5 27. Rb1 Rd7 28. Nb3 Bc6 29. Rc1 Bf3 30. Nd4 Bb7 31. Kf1 Kf8 32. Ke1 Ke8 33. Rd1 a6 34. Nb3 Rxd1+ 35. Kxd1 Kd7 36. Na5 Kc7 37. Kd2 Bd5 38. Kc3 Kb6 39. Kb4 g6 40. a4 g5 41. hxg5 hxg5 42. f4 gxf4 43. exf4 f5 44. Nc4+ Bxc4 45. Kxc4 a5 46. Kd4 Kc6 47. Ke5 Kd7 48. Kd4 Kd6 49. Kd3 Kd5 50. Kc3 Kc5 51. Kb3 Kb6 52. Kc4 Kc6 53. Kd4 Kd6 54. Kc4 Kc6 55. Kd4 Kd6 56. Kc4 Kc6 1/2-1/2

[Event "GER-chT U20 Girls"]
[Site "Osnabrueck"]
[Date "2012.12.27"]
[Round "2.3"]
[White "Sauer, Annika"]
[Black "Oltmanns, Bianca"]
[Result "0-1"]
[WhiteElo "1341"]
[BlackElo "1642"]
[PlyCount "78"]
[EventDate "2012.12.27"]
[EventType "team-swiss"]
[EventRounds "7"]
[EventCountry "GER"]
[SourceTitle "EXT 2014"]
[Source "ChessBase"]
[SourceDate "2013.11.20"]
[SourceVersion "1"]
[SourceVersionDate "2013.11.20"]
[SourceQuality "1"]
[WhiteTeam "Leegebruch"]
[BlackTeam "Chemnitz USG"]
[WhiteTeamCountry "GER"]
[BlackTeamCountry "GER"]

1. d4 f5 2. Bf4 Nf6 3. c4 e6 4. Nc3 Be7 5. e3 0-0 6. Nf3 b6 7. Be2 Bb7 8. 0-0 d6 9. Ng5 Qd7 10. Bf3 Nc6 11. d5 Nd8 12. dxe6 Qc8 13. Bxb7 Qxb7 14. Nd5 Re8 15. Qf3 g6 16. Nxf6+ Bxf6 17. Qxb7 Nxb7 18. Rab1 Nc5 19. b4 Nxe6 20. Nxe6 Rxe6 21. Rfe1 Rae8 22. Rbc1 g5 23. Bxg5 Bxg5 24. Kf1 Re4 25. a3 Bf6 26. Rc2 Kf7 27. c5 dxc5 28. bxc5 b5 29. c6 Rd8 30. Rc5 Re5 31. Rxe5 Bxe5 32. f4 Bf6 33. h3 a6 34. g4 fxg4 35. hxg4 Rd6 36. g5 Bg7 37. Rc1 Bb2 38. Rc5 Bxa3 39. Rf5+ Kg6 0-1

[Event "GER-chT North U12"]
[Site "Magdeburg"]
[Date "2012.09.07"]
[Round "4.2"]
[White "Sauer, Annika"]
[Black "Hausdorf, Lars"]
[Result "0-1"]
[WhiteElo "1407"]
[BlackElo "1271"]
[PlyCount "160"]
[EventDate "2012.09.06"]
[EventType "team-swiss"]
[EventRounds "7"]
[EventCountry "GER"]
[SourceTitle "EXT 2015"]
[Source "ChessBase"]
[SourceDate "2014.11.20"]
[SourceVersion "1"]
[SourceVersionDate "2014.11.20"]
[SourceQuality "1"]
[WhiteTeam "Spandau Zitadelle"]
[BlackTeam "Potsdam"]
[WhiteTeamCountry "GER"]
[BlackTeamCountry "GER"]

1. d4 d5 2. Nf3 Nf6 3. Bf4 e6 4. e3 b6 5. Bd3 Bb7 6. Nbd2 c5 7. c4 Be7 8. 0-0 0-0 9. Qc2 Nc6 10. Nb3 Nb4 11. Qd2 Nxd3 12. Qxd3 Ne4 13. Rac1 Rc8 14. Rfd1 f6 15. Nfd2 Nxd2 16. Rxd2 Qd7 17. Rdc2 Qc6 18. f3 Ba6 19. Nd2 Rfe8 20. Qc3 Bf8 21. Kf2 Bb7 22. Nb3 cxd4 23. Nxd4 Qxc4 24. Qxc4 Rxc4 25. Rxc4 dxc4 26. Rxc4 e5 27. Bxe5 fxe5 28. Nf5 Rc8 29. Rxc8 Bxc8 30. Ng3 Be6 31. a3 Bd6 32. Ne4 Bb8 33. g4 h6 34. h4 Kf7 35. g5 Bd5 36. Nc3 Bc6 37. gxh6 gxh6 38. b4 Kg6 39. Kg3 e4+ 40. f4 Kf5 41. Ne2 Bd7 42. Nd4+ Kg6 43. b5 Bd6 44. a4 Be7 45. Nc6 Bxc6 46. bxc6 Bd6 47. Kg4 h5+ 48. Kg3 Kf5 49. Kh3 a6 50. Kg2 b5 51. axb5 axb5 52. Kf1 Ke6 53. Ke2 Ke7 54. Kd2 Kd8 55. Kc3 Bc5 56. f5 Kc7 57. f6 Kxc6 58. f7 Kd7 59. Kd2 Ke7 60. f8Q+ Kxf8 61. Ke2 Kf7 62. Kd2 Kf6 63. Ke2 Kf5 64. Kf2 Kg4 65. Ke2 Kxh4 66. Kf2 Kg4 67. Ke2 h4 68. Kf2 h3 69. Kg1 b4 70. Kh2 b3 71. Kg1 b2 72. Kh2 Kf3 73. Kxh3 b1Q 74. Kh4 Bd6 75. Kg5 Qb5+ 76. Kf6 Qe5+ 77. Kf7 Qf5+ 78. Kg7 Bf8+ 79. Kg8 Qf6 80. Kh7 Qg7# 0-1